000 00415nam a22001697a 4500
005 20160613094921.0
008 160613b xxu||||| |||| 00| 0 eng d
020 _a9798172246593
041 _aeng
082 _b7039
100 _aIlzuka, Takeshi
_91744
245 _aZen in Business & Life
260 _aMumbai
_bJaico Books Publishing House,
_c2006
300 _a125
650 _aManagement
_9241
942 _cBK
999 _c2456
_d2455